Sociology

Uloženo v:
Podrobná bibliografie
Hlavní autor: Ginsberg, Morris
Médium: Kniha
Jazyk:Undetermined
Vydáno: U.S.A. Maruzen Company Limited 1959
Témata:
Tagy: Přidat tag
Žádné tagy, Buďte první, kdo otaguje tento záznam!
Thư viện lưu trữ: Trung tâm Học liệu Trường Đại học Cần Thơ
LEADER 00451nam a2200181Ia 4500
001 CTU_89496
008 210402s9999 xx 000 0 und d
082 |a 301 
082 |b G493 
100 |a Ginsberg, Morris 
245 0 |a Sociology 
245 0 |c Morris Ginsberg 
260 |a U.S.A. 
260 |b Maruzen Company Limited 
260 |c 1959 
650 |a Sociology 
904 |i Mai Loan 
980 |a Trung tâm Học liệu Trường Đại học Cần Thơ